000 00555nam a2200217Ia 4500
005 20260429112108.0
008 260429s9999||||xx |||||||||||||| ||und||
020 _a9781032485454
041 _aEnglish
082 _a152.4
_bNIE
100 _aNiedenthal, Paula M.
245 0 _aPsychology of emotion /
_cPaula M. Niedenthal
250 _a3rd ed.
260 _aNew York :
_bRoutledge,
_c2025.
300 _axiii, 283 p.; pbk
650 _a Emotion
650 _aPsychology
700 _a Neta, Maital
700 _a Wood, Adrienne
942 _cTB
999 _c52322
_d52322